000 00205 a2200097 4500
001 27712
100 _aAdair, J
245 _aTraining for communication
260 _a
_bMacdonald
_c
090 _c18487
_d18487
942 _aNUST-CAE
_cM
_c9432
999 _c262785
_d262785